Statistics for Countries Closest to Brunei

Click here to take the quiz!

General Stats

  • This quiz has been taken 69 times
  • The average score is 17 of 20

Answer Stats

DistanceAnswer% Correct
0 kmMalaysia
100%
598.4 kmIndonesia
98%
3,644.2 kmChina
96%
2,156.7 kmLaos
96%
1,207.3 kmPhilippines
96%
1,272.4 kmVietnam
96%
1,392.5 kmCambodia
94%
1,958.1 kmThailand
92%
2,795.3 kmMyanmar
91%
2,231.6 kmTaiwan
89%
1,260.9 kmSingapore
85%
2,218.6 kmPalau
83%
3,459.4 kmPapua New Guinea
83%
3,367.9 kmBangladesh
81%
3,623.6 kmBhutan
74%
3,768.2 kmSri Lanka
68%
3732.9 kmSouth Korea
66%
3,970.8 kmFederated States of Micronesia
60%
4,603.5 kmMaldives
58%
4,179.2 kmNorth Korea
57%

Score Distribution

Percentile by Number Answered

Percent of People with Each Score

Your Score History

You have not taken this quiz